🎶 Paroles "Nos absents" Grand Corps Malade - Statistiques

Statistiques générales
  • Ce quiz a été pris 16 fois
  • Le résultat moyen est 349 sur 463
Statistiques - réponses
Mots % Correct
a
100%
A
100%
à
100%
C'
100%
d'
100%
de
100%
n'
100%
nos
100%
Nos
100%
un
100%
absents
89%
des
89%
est
89%
et
89%
Et
89%
fait
89%
il
89%
J'
89%
j'
89%
je
89%
l'
89%
la
89%
là,
89%
89%
le
89%
les
89%
leur
89%
mais
89%
Mais
89%
me
89%
nous
89%
Nous
89%
on
89%
On
89%
s'
89%
se
89%
son
89%
suis
89%
une
89%
absence
78%
année
78%
au
78%
avenir
78%
beaucoup
78%
bien
78%
ce
78%
Ce
78%
certains
78%
ces
78%
ceux
78%
Chaque
78%
chaque
78%
cœur
78%
cœurs
78%
dans
78%
Dans
78%
deuil,
78%
dit
78%
elle
78%
en
78%
En
78%
fois
78%
fort
78%
heure
78%
ignore
78%
ils
78%
Ils
78%
ironie
78%
mal
78%
manque
78%
Moi
78%
moins
78%
mort
78%
morts,
78%
nombreux
78%
ou
78%
78%
parle
78%
partis
78%
pas
78%
petit
78%
peu
78%
pire
78%
plus
78%
Pour
78%
pour
78%
Qu'
78%
qu'
78%
que
78%
qui
78%
Qui
78%
renseigné,
78%
revoir,
78%
sans
78%
ses
78%
sont
78%
sont,
78%
sortira
78%
temps
78%
toujours
78%
tous
78%
triste
78%
trousses
78%
vie
78%
vie,
78%
vivant
78%
accord
67%
aimé
67%
Alors
67%
amour
67%
autres
67%
Car
67%
car
67%
chante
67%
coin
67%
comme
67%
cou
67%
coup,
67%
crée
67%
deviennent
67%
dire
67%
disant
67%
disparu
67%
disparus,
67%
douleur
67%
douleurs
67%
écris
67%
énervant
67%
était
67%
eux,
67%
faire
67%
fantômes,
67%
fantômes
67%
faudra
67%
Faut
67%
faut
67%
film
67%
final
67%
forte
67%
mes
67%
milliers
67%
notre
67%
ont
67%
pastel
67%
photos
67%
plusieurs
67%
pommade,
67%
préparé
67%
présence
67%
presque
67%
prévenir
67%
quand
67%
raison
67%
raisons
67%
ressent
67%
savait,
67%
seul
67%
si
67%
sujets
67%
supporte
67%
Sur
67%
sur
67%
sûrement
67%
tabous
67%
tellement
67%
titille
67%
vacances,
67%
vide
67%
vives
67%
vraiment
67%
action,
56%
bonheur
56%
cerveaux,
56%
commun
56%
demeure
56%
dentelle
56%
dessine
56%
du
56%
face
56%
faible
56%
lendemains
56%
orphelin,
56%
passe
56%
passée
56%
point
56%
projets,
56%
réconfort
56%
regarde
56%
rend
56%
rêves,
56%
rien
56%
rit,
56%
souvenirs
56%
tangible
56%
ultime
56%
allié
44%
apprivoise
44%
après
44%
chemin,
44%
cherche
44%
cible
44%
court
44%
créent
44%
décide
44%
degré,
44%
disparition
44%
donnait
44%
grand
44%
imagine
44%
miracle
44%
ombre
44%
premier
44%
rassure
44%
reprennent
44%
serre
44%
textes
44%
transforme
44%
victoires
44%
voient
44%
attend,
33%
entre
33%
infini
33%
inspirent
33%
mains
33%
mystère
33%
nouvelle
33%
pleines
33%
sachant
33%
souffrance
33%
sourires
33%
utopiste
33%
côtés
22%
enfers
22%
esprit
22%
regroupé
22%
resteront
22%
véritable
22%
accepter
11%
apprendre
11%
entourent
11%
essayer
11%
heureux
11%
marche,
11%
vieillir
11%
Aucun quiz correspondant
Distribution des résultats
% des personnes avec chaque résultat
Percentile par nombre de réponses
Votre historique - résultats
Vous n’avez pas pris ce quiz